000 00290nam a22001337a 4500
008 170405b xxu||||| |||| 00| 0 eng d
020 _a9780321928092
041 _aeng
080 _214 ED
_a574
100 _a9
101 _aSHM
245 _aEARTH SCIENCE
_cTARBUCK.E.J
942 _2udc
_cBK
999 _c9783
_d9783